Countries Described By Five Letters - Statistics

General Stats
  • This quiz has been taken 53 times
  • The average score is 14 of 18
Answer Stats
Word Country % Correct
Sushi Japan
100%
Syrup Canada
96%
Panda China
96%
Pizza Italy
96%
Tacos Mexico
96%
Vodka Russia
96%
Queen United Kingdom
96%
Eagle United States
96%
Crepe France
94%
Seoul South Korea
94%
Camel Egypt
88%
Rhine Germany
83%
Tango Argentina
79%
Sheep New Zealand
73%
Llama Peru
62%
Wheat Ukraine
38%
Spice Thailand
27%
Fault Iceland
12%
No matching quizzes found
Score Distribution
Percent of People with Each Score
Percentile by Number Answered
Your Score History
You have not taken this quiz